LIBRARY & INFORMATION CENTRE, KCAET, TAVANUR

ONLINE PUBLIC ACCESS CATALOGUE (OPAC)

Antharjanam- oru padanam (Record no. 12003)

MARC details
000 -LEADER
fixed length control field 00446cam a2200169ua 4500
041 ## - LANGUAGE CODE
Language code of text/sound track or separate title eng
082 ## - DEWEY DECIMAL CLASSIFICATION NUMBER
Classification number 894.81209
Item number ANT/AN
100 ## - MAIN ENTRY--AUTHOR NAME
Personal name Antharjanan shahyabdpoo , rat celbration commitee .
245 ## - TITLE STATEMENT
Title Antharjanam- oru padanam
260 ## - PUBLICATION, DISTRIBUTION, ETC. (IMPRINT)
Place of publication :
Name of publisher Antharjanam shabtubdapurath celbration commitee ,
Year of publication 1969.
300 ## - PHYSICAL DESCRIPTION
Number of Pages 142 ; .
942 ## - ADDED ENTRY ELEMENTS (KOHA)
Koha item type Books
Holdings
Withdrawn status Lost status Damaged status Home library Current library Date acquired Full call number Accession Number Koha item type
      KAUAET KAUAET 07/04/2012 894.81209 12706 Books
free website counter